| Поле | Название | Значение |
| |
Тип записи |
a |
| |
Библиографический уровень |
m |
| 001 |
Контрольный номер |
RU/SLIB/B/208743338 |
| 005 |
Дата корректировки |
20251219144018.6 |
| 010 |
Индекс ISBN |
__ |
| a |
ISBN |
5-7529-0143-x |
| d |
Цена |
150-00; 18-00; 3-00 |
| b |
Уточнения |
в пер. |
| 9 |
Тираж |
30000 экз. |
| 100 |
Данные общей обработки |
__ |
| a |
Данные общей обработки |
20211215d1989 m y0rusy028902 ca |
| 101 |
Язык документа |
0_ |
| a |
Язык текста |
rus |
| 102 |
Страна публикации |
__ |
| a |
Страна публикации |
RU |
| 105 |
Кодированные данные (монография) |
__ |
| a |
Кодированные данные (монография) |
ac z 000yb |
| 181 |
Поле кодированных данных: вид содержания |
_0 |
| a |
Код вида содержания (ISBD) |
i |
| 182 |
Поле кодированных данных: тип средства |
_0 |
| a |
Код типа средства (ISBD) |
n |
| 200 |
Заглавие и сведения об ответственности |
1_ |
| a |
Заглавие |
Ермак Тимофеевич |
| e |
Сведения, относящиеся к заглавию |
славный сын земли русской : летописные материалы, народные песни, предания |
| f |
Первые сведения об ответственности |
составитель и автор примечаний В. П. Кругляшова |
| 203 |
Вид содержания и тип средства |
__ |
| a |
Вид содержания |
Текст |
| c |
Тип средства |
непосредственный |
| 210 |
Выходные данные |
1_ |
| a |
Место издания |
Свердловск |
| c |
Издательство |
Средне-Уральское книжное издательство |
| d |
Дата издания |
1989 |
| 215 |
Физическое описание |
__ |
| a |
Объем |
129, [14] с. |
| c |
Иллюстрации/тип воспроизводства |
цв. ил., портр. |
| d |
Формат |
18х17 см |
| 300 |
Общие примечания |
__ |
| a |
Общие примечания |
Библиография в примечании: с. 125-128 |
| 327 |
Примечание о содержании |
0_ |
| a |
Примечание о содержании |
Кунгурский летописец |
| 330 |
Аннотация |
__ |
| a |
Аннотация |
О походе Ермака в Сибирь: документальные и народные песни, предания, отрывки из "Кунгурского летописца". |
| 600 |
Персоналии |
_1 |
| a |
Персоналии (Фамилия) |
Ермак Тимофеевич |
| 2 |
Код системы |
nlr_sh |
| f |
Даты |
1532-1585 |
| 606 |
Тематические рубрики |
__ |
| a |
Основная рубрика |
История |
| z |
Хронологическая подрубрика |
16 в. |
| y |
Географическая подрубрика |
Россия |
| y |
Географическая подрубрика |
Сибирь |
| 2 |
Код системы |
nlr_sh |
| 606 |
Тематические рубрики |
__ |
| a |
Основная рубрика |
Россия в IX - XVII вв. |
| 2 |
Код системы |
nlr_sh |
| 606 |
Тематические рубрики |
__ |
| a |
Основная рубрика |
Художественная литература |
| 2 |
Код системы |
nlr_sh |
| 606 |
Тематические рубрики |
__ |
| a |
Основная рубрика |
Русская литература в целом (произведения) |
| 2 |
Код системы |
nlr_sh |
| 606 |
Тематические рубрики |
__ |
| a |
Основная рубрика |
Фольклор |
| 2 |
Код системы |
nlr_sh |
| 606 |
Тематические рубрики |
__ |
| a |
Основная рубрика |
Фольклор России |
| 2 |
Код системы |
nlr_sh |
| 610 |
Ключевые слова |
0_ |
| a |
Ключевые слова |
исторические деятели; казачьи походы; атаманы; освоение Сибири; народные песни; предания; персоналии |
| 686 |
Индексы других классификаций |
__ |
| a |
Классификационный индекс |
63.3(2)43-8 |
| 2 |
Код системы |
rubbks |
| 686 |
Индексы других классификаций |
__ |
| a |
Классификационный индекс |
84(2Рос=Рус)1 |
| 2 |
Код системы |
rubbks |
| 686 |
Индексы других классификаций |
__ |
| a |
Классификационный индекс |
82.3(2Рос=Рус)-6; ст63.3(2)43-8 + ст84(2Рос=Рус)1 + ст84.2(2Рос=Рус) |
| 2 |
Код системы |
rubbks |
| 702 |
Вторичная интеллектуальная ответственность |
_1 |
| a |
Фамилия |
Кругляшова |
| b |
Имя |
В. П. |
| 4 |
Код отношения |
220 |
| 4 |
Код отношения |
080 |
| g |
Полное личное имя |
Вера Петровна |
| 801 |
Источник записи |
_0 |
| a |
Страна |
RU |
| b |
Организация |
Муниципальное бюджетное учреждение культуры "Централизованная библиотечная система" г. Сургут (Центральная городская библиотека им. А. С. Пушкина) |
| g |
Правила каталогизации |
PSBO |
| 801 |
Источник записи |
_1 |
| a |
Страна |
RU |
| b |
Организация |
Муниципальное бюджетное учреждение культуры "Централизованная библиотечная система" г. Сургут (Центральная городская библиотека им. А. С. Пушкина) |
| g |
Правила каталогизации |
PSBO |
| 852 |
Данные о местонахождении |
__ |
| j |
Шифр хранения |
63.3(2)43-8 |
| c |
Каталожный индекс |
63.3(2)44-8; 84(2Рос=Рус)1; 82.3(2Рос=Рус)-6 |
| i |
Авторский знак |
Е 72 |
| p |
Инвентарный номер |
05070814; 03071336, 40510 |
| 900 |
Макрообъекты |
__ |
| a |
Макрообъекты |
Ермак Тимофеевич. Славный сын земли русской, 1989 |
| 901 |
Тип документа |
__ |
| t |
Тип документа |
m |
| a |
Ответственный |
КиК/Котельникова; КиК/Лукашук; ООФиК/Волкова |
| 903 |
Характеристики (МАРС) |
__ |
| a |
Дата передачи |
20090724; 20050719; 20030822 |
| c |
Наименование библиотеки (МАРС) |
Муниципальное бюджетное учреждение культуры "Централизованная библиотечная система" г. Сургут (Центральная городская библиотека им. А. С. Пушкина) |
| 990 |
Данные о заказе (DOS) |
__ |
| j |
Количество экземпляров (DOS) |
1; 9 |
| t |
N записи в КСУ для И/У (DOS) |
202507; 200907; 200507; 200307 |